Statistics for U.S. General Knowledge #20

Click here to take the quiz!

General Stats

  • This quiz has been taken 17,510 times
    (8,516 since last reset)
  • The average score is 13 of 20

Answer Stats

QuestionAnswer% Correct
What state's official dog breed is the Malamute?Alaska
86%
What type of animal is the mascot of Honey Nut Cheerios?Bee
83%
What evil doll first appeared in the movie "Child's Play"?Chucky
83%
What food product is sometimes known as a spud?Potato
82%
What do spelunkers explore?Caves
81%
What Chicago hub was the busiest airport in the world until 1998?O'Hare
79%
What buck-toothed animal is the largest species of rodent in the U.S.?American Beaver
78%
What word is stereotypically yelled by a doctor prior to using defibrillation paddles?Clear!
78%
What operation came after Desert Shield during the Gulf War?Desert Storm
74%
What character from "The Dukes of Hazzard" was famous for wearing very short jean shorts?{Daisy} Duke
68%
What restaurant chain offers square-shaped hamburgers so as not to "cut corners"?Wendy's
68%
Two African-Americans served as Secretary of State under George W. Bush.
Who were they?
Condoleezza Rice
63%
What theme park is co-owned by Dolly Parton?Dollywood
62%
What is the longest-running scripted, prime-time show in American television history?The Simpsons
62%
Who was governor of Georgia from 1971–1975?Jimmy Carter
61%
Two African-Americans served as Secretary of State under George W. Bush.
Who were they?
Colin Powell
56%
Which office-oriented comic featured animals named Dogbert and Catbert?Dilbert
51%
With 1.62 million people, what is the most populous state capital by city proper population?Phoenix
49%
In terms of college campuses, what is the abbreviation "quad" short for?Quadrangle
41%
What river is dammed by the Grand Coulee Dam in Washington state?Columbia
37%

Score Distribution

Percentile by Number Answered

Percent of People with Each Score

Your Score History

You have not taken this quiz since the last reset